000 00489nam a2200169Ia 4500
999 _c37293
_d37293
003 OSt
005 20200929113740.0
008 190216s9999||||xx |||||||||||||| ||und||
040 _coclc
082 _a590
_bSTO/G
100 _aStorer, Tracy I
_95090
245 0 _aGeneral Zoology /
_cTracy I Storer ; Robert L Usinger
250 _a4th Ed.
260 _bMcGraw Hill Book Company,
_aNew York:
_c1965.
300 _a741p
942 _cBK
_2ddc
_h590
_iSTO/G
_k590
_mSTO/G